000 00546nam a2200181Ia 4500
008 210423s2005 xx 000 0 und d
020 _a8122901859
041 _aeng
082 _a070.1 HACW
100 _aHACHTEN (William A);SCOTTON (James F)
245 _aWorld news prism: global media in an era of terrorism
260 _aNew Delhi
_bSurjeeth Publications
_c2005
300 _axxi,205
_bPB
365 _b195
_cINR
650 _aGeneral
650 _aMass Media
906 _aan ; era ; global ; media ; news ; prism: ; terrorism. ; World
999 _c155502
_d155502